000 00565nam a2200193 a 4500
001 000033178
003 DO-SdBNP
005 20240308073618.0
008 110818s1979 dr 000 0 spa d
040 _aDO-SdBNP
_bspa
_cBNPHU
100 1 _aDeive, Carlos Esteban,
_d1935-2019
_91916
245 1 4 _aLas devastaciones :
_bnovela /
_cCarlos Esteban Deive.
260 _aSanto Domingo :
_bEditora Alfa y Omega,
_c1979.
300 _a317 p. ;
_c24 cm.
490 1 _aLiteratura
_v1
586 _aPremio Siboney 1978
830 0 _aLiteratura
_v1
_98095
942 _2ddc
_cLBS1
999 _c32669
_d32669